| 000 | 00524nam a22001817a 4500 | ||
|---|---|---|---|
| 999 |
_c60542 _d60542 |
||
| 005 | 20230816164301.0 | ||
| 008 | 230816s1997 gw ||||| |||| 00| 0 ger d | ||
| 020 | _a 3805318146 | ||
| 041 | _ager | ||
| 080 | _a902 H-89 | ||
| 100 |
_aHueber, Friedmund _919682 |
||
| 245 |
_aEphesos - Gebaute Geschichte : _b(Zaberns Bildbände zur Archäologie) / _cFriedmund Hueber. |
||
| 264 |
_aMainz, _c1997. |
||
| 300 |
_a112 p. : _bill. : _c30 cm. |
||
| 653 | _aეფესო | ||
| 653 | _aისტორია | ||
| 942 |
_2udc _cBK |
||